00333nam a2200085Ia 4500008004100000245007100041260000900112300009900121650002700220180130s9999 xx 000 0 und d cWitt, Michael A.; Redding, GordonaChina: authoritarian capitalism c2014 aBook title: The Oxford handbook of Asian business systems--Acession number C19643; pages 11-32 aBUSINESS SYSTEMS--ASIA